书目信息 |
| 题名: |
心理学、教育学问题与探索
|
|
| 作者: | 曲中林 , 孙悦亮 主编 | |
| 分册: | ||
| 出版信息: | 广州 广东高等教育出版社 2005 |
|
| 页数: | 274页 | |
| 开本: | 24cm | |
| 丛书名: | ||
| 单 册: | ||
| 中图分类: | B84 , G40 | |
| 科图分类: | ||
| 主题词: | 心理学--研究 , 教育学--研究 | |
| 电子资源: | ||
| ISBN: | 7-5361-3169-0 | |
| 000 | 00851nam0 2200253 450 | |
| 001 | 1561011518 | |
| 005 | 20150124165713.48 | |
| 010 | @a7-5361-3169-0@dCNY27.00 | |
| 100 | @a20070327e20062005em y0chiy50 ea | |
| 101 | 0 | @achi |
| 102 | @aCN@b440000 | |
| 105 | @ay z 000yy | |
| 200 | 1 | @a心理学、教育学问题与探索@9xin li xue 、 jiao yu xue wen ti yu tan suo@f曲中林,孙悦亮主编 |
| 210 | @a广州@c广东高等教育出版社@d2005@h2006重印 | |
| 215 | @a274页@d24cm | |
| 330 | @a心理学、教育学是高等师范院校学生的公共必修课,是培养未来教师的基本师范素质的基础课,本书分心理学部分和教育学两大部分。 | |
| 606 | 0 | @a心理学@x研究 |
| 606 | 0 | @a教育学@x研究 |
| 690 | @aB84@v5 | |
| 690 | @aG40@v5 | |
| 701 | 0 | @a曲中林@9qu zhong lin@f(1965~)@4主编 |
| 701 | 0 | @a孙悦亮@9sun yue liang@f(1970~)@4主编 |
| 801 | 0 | @aCN@bTSSF@c20150115 |
| 905 | @aZUCC@dB84@eJY48 | |
| 心理学、教育学问题与探索/曲中林,孙悦亮主编.-广州:广东高等教育出版社,2005(2006重印) |
| 274页;24cm |
| ISBN 7-5361-3169-0:CNY27.00 |
| 心理学、教育学是高等师范院校学生的公共必修课,是培养未来教师的基本师范素质的基础课,本书分心理学部分和教育学两大部分。 |
| ● |
| 相关链接 |
|
|
|
|
正题名:心理学、教育学问题与探索
索取号:B84/JY48
 
预约/预借
| 序号 | 登录号 | 条形码 | 馆藏地/架位号 | 状态 | 备注 |
| 1 | 7858025 | 278580251 | 学院路分馆/ [索取号:B84/JY48] | 在馆 |